000 00445nam a2200157 a 4500
001 000028057
005 20200930031319.0
008 110406s1993 dr 000 0 spa d
040 _aDO-SdBNP
_bspa
_cBNPHU
082 _axxx
_bA742c
100 1 _aArnaiz, Francisco José
_96960
245 1 0 _aCatecismo y catecismos /
_cFrancisco José Arnaiz.
260 _aSanto Domingo :
_bAmigo del Hogar,
_c1993.
300 _a39 p. ;
_c21 cm.
049 _aBNPD
999 _c27549
_d27549